书目信息 |
| 题名: |
MBA速成教程
|
|
| 作者: | 梅斯梅尔, 著 ;王宝泉 , 王霞 译 | |
| 分册: | ||
| 出版信息: | 海口 海南出版社 2002.07 |
|
| 页数: | 211页 | |
| 开本: | 20cm | |
| 丛书名: | ||
| 单 册: | ||
| 中图分类: | F203.9 | |
| 科图分类: | ||
| 主题词: | MBA实务--招聘计划速成教程 , 企业--人才--招聘--研究生--教材 | |
| 电子资源: | ||
| ISBN: | 7-5443-0389-6 | |
| 000 | 01140nam0 2200289 450 | |
| 001 | 0138330984 | |
| 005 | 20051114150341.45 | |
| 010 | @a7-5443-0389-6@dCNY18.00 | |
| 100 | @a20051019d2002 km y0chiy0120 ea | |
| 101 | 1 | @achi@ceng |
| 102 | @aCN@b460000 | |
| 105 | @ay z 000yy | |
| 200 | 1 | @aMBA速成教程@AMBA su cheng jiao cheng@e招聘计划@f(美) 马克斯·梅斯梅尔(Max Messmer)著@F(mei)ma ke si·mei si mei er(Max Messmer)zhu@g王宝泉, 王霞译@Gwang bao quan,wang xia yi |
| 210 | @a海口@c海南出版社@d2002.07 | |
| 215 | @a211页@d20cm | |
| 312 | @a并列题名取自版权页。 | |
| 330 | @a本书引用了大量的世界著名企业作为典型案例,使你在处理复杂的招聘问题时得心应手,并对你如何避免落入陷阱而提出警告。 | |
| 510 | 1 | @aFast Forward MBA in Hiring, Finding and Keeping the Best People@zeng |
| 517 | 1 | @a招聘计划@Azhao pin ji hua |
| 606 | 0 | @aMBA实务@x招聘计划速成教程 |
| 606 | 0 | @a企业@x人才@x招聘@x研究生@j教材 |
| 690 | @aF203.9@v4 | |
| 701 | 1 | @a梅斯梅尔,@Amei si mei er,@b马克斯@g(Messmer, Max)@4著 |
| 702 | 0 | @a王宝泉@Awang bao quan@4译 |
| 702 | 0 | @a王霞@Awang xia@4译 |
| 801 | 0 | @aCN@bQSSK@c20051114 |
| 905 | @a10447@dF203.9@eM449 | |
| MBA速成教程:招聘计划/(美) 马克斯·梅斯梅尔(Max Messmer)著/王宝泉, 王霞译.-海口:海南出版社,2002.07 |
| 211页;20cm |
| ISBN 7-5443-0389-6:CNY18.00 |
| 本书引用了大量的世界著名企业作为典型案例,使你在处理复杂的招聘问题时得心应手,并对你如何避免落入陷阱而提出警告。 |
| ● |
| 相关链接 |
|
|
|
正题名:MBA速成教程
索取号:F203.9/M449
 
预约/预借
| 序号 | 登录号 | 条形码 | 馆藏地/架位号 | 状态 | 备注 |
| 1 | 574992 | 205749920 | 社科库409/409社科库 72排2列2层/ [索取号:F203.9/M449] | 在馆 |